Automatic voltage regulations and stabilizers (Record no. 4637)

MARC details
000 -LEADER
fixed length control field 00520nam a2200181Ia 4500
003 - CONTROL NUMBER IDENTIFIER
control field IN-BaIIA
008 - FIXED-LENGTH DATA ELEMENTS--GENERAL INFORMATION
fixed length control field 211028s9999 xx 000 0 eng d
040 ## - CATALOGING SOURCE
Transcribing agency IIA Library
080 ## - UNIVERSAL DECIMAL CLASSIFICATION NUMBER
Universal Decimal Classification number 621.316.722
Item number PAT
100 ## - MAIN ENTRY--PERSONAL NAME
Personal name Patchett, G. N
9 (RLIN) 2892
245 #0 - TITLE STATEMENT
Title Automatic voltage regulations and stabilizers
Statement of responsibility, etc. G. N. Patchett
260 ## - PUBLICATION, DISTRIBUTION, ETC.
Place of publication, distribution, etc. London
Name of publisher, distributor, etc. Sir Isaac Pitman and Sons
Date of publication, distribution, etc. 1954
300 ## - PHYSICAL DESCRIPTION
Extent viii, 335p.
650 ## - SUBJECT ADDED ENTRY--TOPICAL TERM
Topical term or geographic name entry element  Stabilizers
9 (RLIN) 8202
650 ## - SUBJECT ADDED ENTRY--TOPICAL TERM
Topical term or geographic name entry element  Voltage Regulators 
9 (RLIN) 8131
650 ## - SUBJECT ADDED ENTRY--TOPICAL TERM
Topical term or geographic name entry element NASA Thesaurus 
942 ## - ADDED ENTRY ELEMENTS (KOHA)
Koha item type Books
Holdings
Withdrawn status Lost status Damaged status Not for loan Home library Current library Shelving location Date acquired Total Checkouts Full call number Barcode Date last seen Price effective from Koha item type
        IIA Library-Bangalore IIA Library-Kavalur General Stacks     621.316.722/ PAT 5172 05/11/2021   Books

Powered by Koha